Coats of Arms: North America - Statistics

General Stats
  • This quiz has been taken 70 times
  • The average score is 19 of 23
Answer Stats
Picture Answer % Correct
Mexico
98%
United States of America
98%
El Salvador
95%
Nicaragua
95%
Haiti
93%
Dominican Republic
90%
Panama
90%
Belize
88%
Canada
88%
Costa Rica
88%
Dominica
86%
Guatemala
81%
Antigua and Barbuda
79%
Bahamas
79%
Grenada
76%
Jamaica
76%
Trinidad and Tobago
76%
Saint Lucia
74%
Barbados
71%
Honduras
71%
Saint Kitts and Nevis
71%
Saint Vincent & the Grenadines
71%
Cuba
67%
No matching quizzes found
Score Distribution
Percent of People with Each Score
Percentile by Number Answered
Your Score History
You have not taken this quiz